000 00725nam a22002177a 4500
003 0
005 20251021105432.0
008 251021b xxu||||| |||| 00| 0 eng d
020 _a978-1-77956-286-9
050 _aHD 30.28
_b.P65 2025
100 _aPolicarpio, John Ericson A.,
_eauthor.
245 _aEssentials of strategic management /
_cJohn Ericson A. Policarpio.
260 _aBurlington, ON :
_bToronto Academic Press,
_c2025.
300 _axiii, 226 pages :
_billustrations ;
_c26 cm.
504 _aIncludes bibliographical references and index.
650 _aStrategic management.
650 _aStrategic planning.
650 _aBusiness planning.
650 _aOrganizational effectiveness.
942 _2lcc
_cBK
999 _c368307
_d368307